| 000 | 00675nam a22002057a 4500 | ||
|---|---|---|---|
| 005 | 20251108172245.0 | ||
| 008 | 250721s1986 xx 000 0 ara d | ||
| 082 | 1 | 4 | _a956.402/سمي |
| 100 | 1 | _aحمودة، سميح | |
| 245 | 1 | 0 |
_aالوعي و الثورة : _bدراسة في حياة و جهاد الشيخ عز الدين القسام 1828-1935 / |
| 250 | _aط5 | ||
| 264 | 1 |
_aعمان : _bدار الشروق للنشر والتوزيع، _c1986. |
|
| 300 | _a235ص : مص | ||
| 650 | 1 | 7 | _aفلسطين |
| 650 | 1 | 7 | _aتاريخ 1917-1948 |
| 650 | 1 | 7 | _aالثوره 1936- 1939 |
| 650 | 1 | 7 | _aعز الدين القسام |
| 942 |
_2ddc _cBK |
||
| 999 |
_c74403 _d74403 |
||